Flagi Państw Świata w 1930 roku - Statystyki

Ogólne statystyki
  • Ten quiz został rozwiązany 46 razy
  • Średni wynik to 23 z 34
Statystyki odpowiedzi
Obrazkowy Odpowiedź % Poprawnych
Włochy
98%
Albania
90%
Związek Radziecki
90%
Brazylia
88%
Hiszpania
88%
Polska
88%
Afganistan
86%
Haiti
86%
Meksyk
86%
Stany Zjednoczone
86%
Czechosłowacja
83%
Nepal
83%
Węgry
83%
Etiopia
81%
Kuba
81%
Honduras
79%
Chiny
76%
Wenezuela
71%
Kanada
67%
Gdańsk
62%
Liechtenstein
62%
Grecja
60%
Jugosławia
60%
Republika Południowej Afryki
57%
Persja
55%
Tybet
55%
Irak
52%
Syjam
50%
Egipt
48%
Andora
43%
Jemen
31%
Nowa Fundlandia
29%
Nadżd i Hidżaz
10%
Aussa
5%
Nie znaleziono quizów pasujących do podanych kryteriów
Rozkład punktacji
Procent ludzi z każdym wynikiem
Percentyl według liczby udzielonych odpowiedzi
Twoja historia wyników
Nie rozwiązałeś tego quizu